Bioterrorism and foos safety
Guardat en:
| Autor principal: | |
|---|---|
| Format: | Llibre |
| Idioma: | Undetermined |
| Publicat: |
Boca Raton
CRC Press
2005
|
| Matèries: | |
| Etiquetes: |
Afegir etiqueta
Sense etiquetes, Sigues el primer a etiquetar aquest registre!
|
| Thư viện lưu trữ: | Trung tâm Học liệu Trường Đại học Cần Thơ |
|---|
| LEADER | 00589nam a2200217Ia 4500 | ||
|---|---|---|---|
| 001 | CTU_100116 | ||
| 008 | 210402s9999 xx 000 0 und d | ||
| 020 | |c 2250000 | ||
| 082 | |a 363.19 | ||
| 082 | |b R223 | ||
| 100 | |a Rasco, Barbara A. | ||
| 245 | 0 | |a Bioterrorism and foos safety | |
| 245 | 0 | |c Barbara A. Rasco, Gleyn E. Bledsoe | |
| 260 | |a Boca Raton | ||
| 260 | |b CRC Press | ||
| 260 | |c 2005 | ||
| 650 | |a Food,Bioterrorism | ||
| 650 | |x Safety measures | ||
| 650 | |z United States,United States | ||
| 904 | |i Giang | ||
| 980 | |a Trung tâm Học liệu Trường Đại học Cần Thơ | ||